000 00977nam a2200301 i 4500
003 EG-GICUC
005 20260126125210.0
008 260126s2004 ua ||||fr ||| 00| 0 eng d
020 _a8271777653
040 _aEG-GICUC
_cEG-GICUC
_dEG-GICUC
_erda
_beng
041 0 _aeng
082 0 4 _221
_a341.48
_bMI . H
092 0 4 _221
099 _aLaw1 11 341.48 MI . H 2004
110 _aMinistry Of Foregn Affairs
_eAuthor.
245 1 2 _aHuman Rights 2003 :
_bAnnual Report On Norway's Efforts To Promote Human Rights /
_cMinistry Of Foregn Affairs .
264 0 _aUnited States :
_bMinistry Of Foregn Affairs ,
_c2004 .
300 _a128 Pages;
_c30 cm.
336 _atext
_2rda content
337 _aComputer
_2rda media
338 _aOnline Resource
_2rda carrier
546 _aText in English
650 0 4 _aPublic international law
650 0 4 _aHuman Rights
856 _uhttps://fll.law.cu.edu.eg/fulltext/th/B11-06812.pdf
905 _a59
942 _2ddc
_cBK
_e21
_n0
999 _c59444
_d59444